| 000 | 00757cam a22002411 4500 | ||
|---|---|---|---|
| 001 | agr32001054 | ||
| 003 | DLC | ||
| 005 | 20260227110952.0 | ||
| 008 | 811121s1932 xx a 000 0 ger | ||
| 010 | _aagr32001054 | ||
| 035 | _a(OCoLC)14730719 | ||
| 040 |
_aDLC _cDNLM _dDLC |
||
| 042 | _apremarc | ||
| 050 | 0 | 0 |
_aQH431 _b.H25 bd. 3 D |
| 060 | 0 |
_aQH 431 _bH236 Bd.3, D |
|
| 100 | 1 |
_aBaur, Erwin, _d1875-1933. |
|
| 245 | 1 | 0 |
_aKonsequenzen der vererbungslehre für die pflanzenzüchtung, _cvon Erwin Baur ... |
| 260 |
_aBerlin, _bGebrüder Borntraeger, _c1932. |
||
| 300 |
_a1 p. l., 30 p., 1 l. _bill. |
||
| 440 | 0 |
_aHandbuch der vererbungswissenschaft, _vBd. 3, D |
|
| 500 | _aIssued as lfg. 16 [pt. 1] | ||
| 504 | _a"Literatur": leaf following p. 30. | ||
| 999 |
_c9528 _d9528 |
||